• 首页
  • 本馆介绍
  • 公告通知
  • 最新文献
  • 馆藏检索
  • 电子资源
  • 读者导购
  • 参考咨询
  • 我的图书馆
  • 登录
  • 详细信息显示
  • 放入我的书架
  • 预约/预借图书
  • 作者相关作品
  • 分类相关作品
  • 丛书相关作品
  • 出版社相关作品

书目信息

  • 表格格式
  • 工作单格式
  • 卡片格式
题名:
墨子译注
    
 
作者: 辛志凤 , 蒋玉斌 译注
分册:  
出版信息: 哈尔滨   黑龙江人民出版社  2003
页数: 565页
开本: 22cm
丛书名: 二十二子详注全译
单 册:
中图分类: B224.4
科图分类:
主题词: 墨家
电子资源:
ISBN: 7-207-04394-5
000 00952oam2 2200301 450
001 05002241382
005 20051226110500.53
010    @a7-207-04394-5@dCNY509.10(全套)
092    @aCN
100    @a20050627e20042003ekmy0chiy0120 ea
101 0  @achi
102    @aCN@b230000
105    @ay z 000yy
200 1  @a墨子译注@9mo zi yi zhu@f辛志凤,蒋玉斌等译注@Fxin zhi feng,jiang yu bin deng yi zhu
210    @a哈尔滨@c黑龙江人民出版社@d2003@h2004重印
215    @a565页@d22cm
225 2  @a二十二子详注全译@f韩格平,董莲池主编
330    @a《墨子》中“七患”、“辞过”、“尚贤”等篇章,涉及了社会政治、经济、教育、工农业生产、科技、军事等多方面的思想。
461  0 @12001 @a二十二子详注全译
605    @a墨子@x译文
605    @a墨子
606 0  @a墨家
690    @aB224.4@v4
701  0 @a辛志凤@Axin zhi feng@4译注
701  0 @a蒋玉斌@Ajiang yu bin@4译注
801  0 @aCN@bNLC@c20051226
905    @a10447@dB224.4@e243
999    @aHSJ
    
    墨子译注/辛志凤,蒋玉斌等译注.-哈尔滨:黑龙江人民出版社,2003(2004重印)
    565页;22cm.-(二十二子详注全译/韩格平,董莲池主编)
    
    
    ISBN 7-207-04394-5:CNY509.10(全套)
    《墨子》中“七患”、“辞过”、“尚贤”等篇章,涉及了社会政治、经济、教育、工农业生产、科技、军事等多方面的思想。
●
相关链接 在E读中查询图书 在五车中查询图书 在当当中查询图书 在豆瓣中查询图书


正题名:墨子译注     索取号:B224.4/243         预约/预借

序号 登录号 条形码 馆藏地/架位号 状态 备注
1 0369767   203697678   第一样本阅览室/ [索取号:B224.4/243] 在馆    
2 0369768   203697687   第一借阅区/ [索取号:B224.4/243] 在馆    
3 0372527   203725273   第一借阅区/ [索取号:B224.4/243] 在馆    
4 0372528   203725282   第一借阅区/ [索取号:B224.4/243] 在馆    
5 0372529   203725291   教育系资料室/ [索取号:B224.4/243] 在馆    
唐山师范学院图书馆 欢迎您!
大连网信软件有限公司© 版权所有